| 000 | 01565cam a22003611 4500 | ||
|---|---|---|---|
| 001 | 8477 | ||
| 003 | FISKH | ||
| 005 | 20250915123054.0 | ||
| 008 | 751208s1964 nyua 000 1 eng | ||
| 010 | _a 64012150 | ||
| 035 | _a9389641 | ||
| 035 | _a(OCoLC)1880234 | ||
| 040 |
_aDLC _cFT _dDLC _beng |
||
| 050 | 0 | 0 |
_aPZ7.M36418 _bNo |
| 082 | _a800 | ||
| 100 | 1 | _aMartin, Patricia Miles | |
| 245 | 1 | 0 |
_aNo, no, Rosina / _cby Patricia Miles Martin ; illustrated by Pat Grant Porter |
| 250 | _aThis edition published in 1972 | ||
| 260 |
_aChicago : _bScience Research Associate, _c1964 |
||
| 300 |
_a20 pages : _bcolor illustrations ; _c21 cm |
||
| 336 |
_atext _btxt _2rdacontent |
||
| 337 |
_aunmediated _bn _2rdamedia |
||
| 338 |
_avolume _bnc _2rdacarrier |
||
| 505 | _aJ | ||
| 520 | _aRosina is a lively little girl who often hears the words “No, no, Rosina!” because she is full of energy, curiosity, and mischief. Whether she is playing, exploring, or helping at home, Rosina’s good intentions usually turn into small troubles. Through her adventures, the story captures the humor and warmth of everyday family life, showing how Rosina learns important lessons about listening, behaving, and finding the right way to use her endless enthusiasm. | ||
| 521 | 8 |
_a500
_bLexile estimate |
|
| 521 | 8 |
_aJ
_bRaz-Plus |
|
| 650 |
_aChildren’s fiction _vFamily life _xObedience & mischief |
||
| 700 |
_aPorter, Pat Grant _eillustrator |
||
| 906 |
_a7 _bcbc _coclcrpl _du _encip _f19 _gy-gencatlg |
||
| 942 |
_2ddc _cBK _n0 |
||
| 999 |
_c8477 _d8477 |
||